The Constitution of the United States and related documents / (Record no. 425)
[ view plain ]
| 000 -LEADER | |
|---|---|
| fixed length control field | 00878cam a2200229 4500 |
| 001 - CONTROL NUMBER | |
| control field | 562 |
| 005 - DATE AND TIME OF LATEST TRANSACTION | |
| control field | 20181127161642.0 |
| 008 - FIXED-LENGTH DATA ELEMENTS--GENERAL INFORMATION | |
| fixed length control field | 860314r19861966ilu b 000 0 eng |
| 010 ## - LIBRARY OF CONGRESS CONTROL NUMBER | |
| LC control number | 86006273 |
| 020 ## - INTERNATIONAL STANDARD BOOK NUMBER | |
| International Standard Book Number | 0882950258 (pbk.) |
| 043 ## - GEOGRAPHIC AREA CODE | |
| Geographic area code | n-us--- |
| 110 1# - MAIN ENTRY--CORPORATE NAME | |
| Corporate name or jurisdiction name as entry element | United States. |
| 245 14 - TITLE STATEMENT | |
| Title | The Constitution of the United States and related documents / |
| Statement of responsibility, etc. | edited by Martin Shapiro. |
| 260 ## - PUBLICATION, DISTRIBUTION, ETC. | |
| Place of publication, distribution, etc. | Northbrook, IL : |
| Name of publisher, distributor, etc. | AHM Publishing, |
| Date of publication, distribution, etc. | 1973. |
| 300 ## - PHYSICAL DESCRIPTION | |
| Extent | xxvi, 98 p. ; |
| Dimensions | 19 cm. |
| 504 ## - BIBLIOGRAPHY, ETC. NOTE | |
| Bibliography, etc. note | Bibliography: p. 97-98. |
| 505 0# - FORMATTED CONTENTS NOTE | |
| Formatted contents note | The Constitution of the United States -- Civil Rights Acts of 1957, 1960, 1964 -- Voting Rights Act of 1965 -- The Declaration of Independence -- The Articles of Confederation. |
| 650 #0 - SUBJECT ADDED ENTRY--TOPICAL TERM | |
| Topical term or geographic name entry element | Civil rights |
| Geographic subdivision | United States. |
| Topical term or geographic name entry element | Constitutions |
| Geographic subdivision | United States. |
| 700 1# - ADDED ENTRY--PERSONAL NAME | |
| Personal name | Shapiro, Martin M. |
| 710 1# - ADDED ENTRY--CORPORATE NAME | |
| Corporate name or jurisdiction name as entry element | United States. |
| Title of a work | Constitution. |
| Date of a work | 1986. |
| Withdrawn status | Lost status | Source of classification or shelving scheme | Damaged status | Not for loan | Collection code | Home library | Current library | Shelving location | Serial Enumeration / chronology | Inventory number | Total Checkouts | Full call number | Barcode | Date last seen | Price effective from | Koha item type |
|---|---|---|---|---|---|---|---|---|---|---|---|---|---|---|---|---|
| Dewey Decimal Classification | Main TEST | RTC Library | RTC Library | Main opac | 810 | 342.73023 SHA | 30004028 | 27/11/2018 | 27/11/2018 | Main |